[Event "SVK-chT2C 2223"]
[Site "Slovakia"]
[Date "2022.10.09"]
[Round "2.8"]
[White "Franek, Martin"]
[Black "Sibrava, Patrik"]
[Result "0-1"]
[WhiteElo "1584"]
[BlackElo "1848"]
[PlyCount "98"]
[EventDate "2022.10.08"]
[EventType "team-tourn"]
[EventRounds "11"]
[EventCountry "SVK"]
[SourceTitle "CBM 210 Extra"]
[Source "ChessBase"]
[SourceDate "2022.11.30"]
[SourceVersion "1"]
[SourceVersionDate "2022.11.30"]
[SourceQuality "1"]
[WhiteTeam "Zilina Mladost III"]
[BlackTeam "Dunajov Martin III"]
[WhiteTeamCountry "SVK"]
[BlackTeamCountry "SVK"]

1. e4 e5 2. f4 exf4 3. Nf3 Be7 4. h4 Nf6 5. Nc3 d6 6. d4 0-0 7. Bxf4 Bg4 8. Qd2 Nc6 9. 0-0-0 a6 10. Be2 b5 11. Ng5 b4 12. Nd5 Bxe2 13. Qxe2 h6 14. Nxf6+ Bxf6 15. e5 Qe7 16. Qf3 dxe5 17. Qe4 g6 18. Qxc6 hxg5 19. hxg5 Bxg5 20. Bxg5 Qxg5+ 21. Kb1 Kg7 22. Qxc7 exd4 23. Rxd4 Rac8 24. Qb7 Qc5 25. Qe4 Rh8 26. Rf1 a5 27. Rd5 Qc6 28. Qd4+ Kg8 29. Rd8+ Rxd8 30. Qxd8+ Kg7 31. Rxf7+ Kxf7 32. Qxh8 Qxg2 33. Qh7+ Kf6 34. Qh4+ g5 35. Qd4+ Kf5 36. Qc5+ Kf4 37. Qc7+ Kf3 38. Qf7+ Ke2 39. Qe7+ Kf2 40. Qf6+ Kg1 41. Qd4+ Kf1 42. Qd3+ Kf2 43. Qd2+ Kg1 44. Qd4+ Kh1 45. Qh8+ Qh2 46. Qa8+ Kg1 47. Qxa5 Qd2 48. a3 Qe1+ 49. Ka2 b3+ 0-1